| 000 | 00420nam a2200169Ia 4500 | ||
|---|---|---|---|
| 008 | 230524s9999 xx 000 0 und d | ||
| 082 |
_a537.32 _bCOL |
||
| 100 | _aJean-Pierre Colinge | ||
| 245 | 0 | _aPhysics of Semiconductor Devices | |
| 250 | _aIST | ||
| 260 |
_aNEW DELHI _bSpringer _c2006 |
||
| 300 | _aIX;431 | ||
| 500 | _aQuantity Number: 2 | ||
| 650 | _aPhysics | ||
| 700 | _a Cynthia A.Colinge | ||
| 942 | _cBK | ||
| 999 |
_c42976 _d42976 |
||